Impossible Quiz 2 - Statistics

General Stats
  • This quiz has been taken 13 times
  • The average score is 2 of 10
Answer Stats
Hint Answer % Correct
If you thought the first question would be easy as pie, you are on the right track. Don't expect any more freebees.
92%
-.... ----- ..--- --... Okay this one was kind of free.
31%
I didn' actually come up ith a clue, yu'll have to figure it out yourself. That one was probably too easy.
31%
Thomas Jefferson wasn't a very good man, but at least he could write pretty well. History based question😱
23%
First Guaranty Banc Shares stock has been down recently, might be time to cut your losses. Stonks
8%
If you haven't done the first quiz, you should check it out. I haven't updated it for a while, but it's still helpful for questions like this. Didn't think you'd get this one.
0%
Prime Lebron was lowkey ballin. Elite ball knowledge
0%
AAAAAAAkkadians long ago, conquered Sumer took control! Nice, you got the reference.
0%
Haha no hint for you loser, guess you can't win. And if you thought failing would work, you are sorely mistaken. Proper grammar is important.
0%
No, 6 7 is not the answer. But the number may have other uses... You tried 67 before this didn't you.
0%
No matching quizzes found
Score Distribution
Percent of People with Each Score
Percentile by Number Answered
Your Score History
You have not taken this quiz